| 000 | 00668nam a2200193 i 4500 | ||
|---|---|---|---|
| 001 | 80541 | ||
| 003 | ES-MaACL | ||
| 005 | 20230906174235.0 | ||
| 007 | t| | ||
| 008 | 041028s1968 sp ||||1| spa d | ||
| 100 | 1 |
_aHoel, Paul G. _963917 |
|
| 245 | 1 | 0 |
_aIntroducción a la estadística matemática / _cpor Paul G. Hoel ; edición dirigida y revisada por Alfonso G. Barbancho ; [traducción por Alejandro Herranz Yuste]. |
| 260 |
_aBarcelona : _bAriel, _c[1968] |
||
| 300 |
_aXII, 451 p. : _bil. ; _c23 cm. |
||
| 650 | 0 | 4 |
_aEstadística. _912520 |
| 700 | 1 |
_aBarbancho, Alfonso G. _925380 |
|
| 700 | 1 |
_aHerranz Yuste, Alejandro. _963174 |
|
| 852 |
_aES-MaACL _jC-36188 |
||
| 999 |
_c80541 _d80541 |
||